<?xml version="1.0" encoding="UTF-8"?>
<record
    xmlns:xsi="http://www.w3.org/2001/XMLSchema-instance"
    xsi:schemaLocation="http://www.loc.gov/MARC21/slim http://www.loc.gov/standards/marcxml/schema/MARC21slim.xsd"
    xmlns="http://www.loc.gov/MARC21/slim">

  <leader>02524nam0a22005173i 4500</leader>
  <controlfield tag="001">IT\ICCU\TO0\1711011</controlfield>
  <controlfield tag="003">IT-MiSPE</controlfield>
  <controlfield tag="005">20250318114658.0</controlfield>
  <controlfield tag="008">250318b        |||||||| |||| 00| 0 eng d</controlfield>
  <datafield tag="010" ind1=" " ind2=" ">
    <subfield code="a">978-88-315-3514-4</subfield>
  </datafield>
  <datafield tag="020" ind1=" " ind2=" ">
    <subfield code="a">9788831535144</subfield>
    <subfield code="c">8,50 &#x20AC;</subfield>
  </datafield>
  <datafield tag="040" ind1=" " ind2=" ">
    <subfield code="a">IT-MiSPE</subfield>
    <subfield code="b">ita</subfield>
    <subfield code="c">IT-MiSPE</subfield>
    <subfield code="d">IT-MiSPE</subfield>
  </datafield>
  <datafield tag="041" ind1=" " ind2=" ">
    <subfield code="a">ita</subfield>
  </datafield>
  <datafield tag="082" ind1=" " ind2=" ">
    <subfield code="a">227.6-Fil* CAN an (ppv 23385)</subfield>
  </datafield>
  <datafield tag="100" ind1=" " ind2=" ">
    <subfield code="a">Anna Maria, Canopi</subfield>
    <subfield code="c">monaca</subfield>
    <subfield code="d">1931-2019</subfield>
    <subfield code="e">autore</subfield>
    <subfield code="9">61855</subfield>
  </datafield>
  <datafield tag="245" ind1=" " ind2=" ">
    <subfield code="a">Siate lieti nel Signore :</subfield>
    <subfield code="b">Lectio divina sulla Lettera ai Filippesi /</subfield>
    <subfield code="c">Anna Maria Canopi.</subfield>
  </datafield>
  <datafield tag="260" ind1=" " ind2=" ">
    <subfield code="a">Milano :</subfield>
    <subfield code="b">Paoline,</subfield>
    <subfield code="c">2008</subfield>
  </datafield>
  <datafield tag="300" ind1=" " ind2=" ">
    <subfield code="a">93 p. ;</subfield>
    <subfield code="c">18,5 cm</subfield>
  </datafield>
  <datafield tag="490" ind1=" " ind2=" ">
    <subfield code="a">Coltivare la Parola</subfield>
    <subfield code="v">013</subfield>
  </datafield>
  <datafield tag="520" ind1=" " ind2=" ">
    <subfield code="a">Il testo propone una lectio divina sulla Lettera ai Filippesi, la prima comunit&#xE0; cristiana fondata da Paolo nel continente europeo e formata da pagani convertiti al cristianesimo. Il legame di vicendevole amore che unisce i Filippesi a Paolo emerge molto bene dalla Lettera che l'Apostolo scrive loro mentre &#xE8; prigioniero a Efeso o forse a Roma. Egli parla dalla pienezza del cuore, intrecciando liberamente confidenze personali con esortazioni spirituali e profondi insegnamenti. Paradossalmente, la nota dominante di questa &#xAB;lettera della prigionia&#xBB; &#xE8; proprio la gioia spirituale. Significativo infatti &#xE8; che nel testo relativamente breve della Lettera (solo quattro capitoli) ricorrano ben sedici espressioni esplicite riguardanti la gioia, tutte ancorate all'essenza stessa della vita cristiana, ossia alla fede, alla speranza e alla carit&#xE0;, come pure alla sofferenza abbracciata per amore di Cristo e della Chiesa. I sei agili capitoli in cui si articola la lectio percorrono il tema della gioia nei suoi diversi aspetti: non ci viene proposta una gioia &#xAB;spensierata&#xBB;, un godimento sensibile, mondano, ma la gioia pura, sovrannaturale, che sgorga dall'amore di Cristo e trasfigura tutti gli eventi dell'esistenza.</subfield>
  </datafield>
  <datafield tag="600" ind1=" " ind2=" ">
    <subfield code="a">Paolo</subfield>
    <subfield code="c">apostolo, santo</subfield>
    <subfield code="9">58502</subfield>
  </datafield>
  <datafield tag="630" ind1=" " ind2=" ">
    <subfield code="a">Bibbia</subfield>
    <subfield code="v">N.T.</subfield>
    <subfield code="x">Lettera ai Filippesi</subfield>
    <subfield code="9">61856</subfield>
  </datafield>
  <datafield tag="655" ind1=" " ind2=" ">
    <subfield code="a">Bibbia</subfield>
    <subfield code="v">N.T.</subfield>
    <subfield code="x">Paolo: spiritualit&#xE0; e meditazione</subfield>
    <subfield code="9">61857</subfield>
  </datafield>
  <datafield tag="899" ind1=" " ind2=" ">
    <subfield code="f">P/G</subfield>
  </datafield>
  <datafield tag="899" ind1=" " ind2=" ">
    <subfield code="f">P</subfield>
  </datafield>
  <datafield tag="899" ind1=" " ind2=" ">
    <subfield code="f">P/G</subfield>
  </datafield>
  <datafield tag="899" ind1=" " ind2=" ">
    <subfield code="f">P/G</subfield>
  </datafield>
  <datafield tag="899" ind1=" " ind2=" ">
    <subfield code="f">P</subfield>
  </datafield>
  <datafield tag="899" ind1=" " ind2=" ">
    <subfield code="f">P/G</subfield>
  </datafield>
  <datafield tag="899" ind1=" " ind2=" ">
    <subfield code="f">P/G</subfield>
  </datafield>
  <datafield tag="899" ind1=" " ind2=" ">
    <subfield code="f">P/G</subfield>
  </datafield>
  <datafield tag="899" ind1=" " ind2=" ">
    <subfield code="f">P/G</subfield>
  </datafield>
  <datafield tag="899" ind1=" " ind2=" ">
    <subfield code="f">P</subfield>
  </datafield>
  <datafield tag="899" ind1=" " ind2=" ">
    <subfield code="f">P/G</subfield>
  </datafield>
  <datafield tag="899" ind1=" " ind2=" ">
    <subfield code="f">P/G</subfield>
  </datafield>
  <datafield tag="899" ind1=" " ind2=" ">
    <subfield code="f">P/G</subfield>
  </datafield>
  <datafield tag="899" ind1=" " ind2=" ">
    <subfield code="f">P/G</subfield>
  </datafield>
  <datafield tag="899" ind1=" " ind2=" ">
    <subfield code="f">P</subfield>
  </datafield>
  <datafield tag="899" ind1=" " ind2=" ">
    <subfield code="f">P/G</subfield>
  </datafield>
  <datafield tag="899" ind1=" " ind2=" ">
    <subfield code="f">P/G</subfield>
  </datafield>
  <datafield tag="899" ind1=" " ind2=" ">
    <subfield code="f">P</subfield>
  </datafield>
  <datafield tag="899" ind1=" " ind2=" ">
    <subfield code="f">P</subfield>
  </datafield>
  <datafield tag="899" ind1=" " ind2=" ">
    <subfield code="f">P/G</subfield>
  </datafield>
  <datafield tag="899" ind1=" " ind2=" ">
    <subfield code="f">P/G</subfield>
  </datafield>
  <datafield tag="942" ind1=" " ind2=" ">
    <subfield code="2">ddc</subfield>
    <subfield code="c">BK</subfield>
  </datafield>
  <datafield tag="999" ind1=" " ind2=" ">
    <subfield code="c">360443</subfield>
    <subfield code="d">360443</subfield>
  </datafield>
  <datafield tag="952" ind1=" " ind2=" ">
    <subfield code="0">0</subfield>
    <subfield code="1">0</subfield>
    <subfield code="2">ddc</subfield>
    <subfield code="4">0</subfield>
    <subfield code="6">227_000000000000000_6FIL_CAN_AN_PPV_23385</subfield>
    <subfield code="7">1</subfield>
    <subfield code="a">CINISELLO</subfield>
    <subfield code="b">CINISELLO</subfield>
    <subfield code="d">2025-03-18</subfield>
    <subfield code="l">0</subfield>
    <subfield code="o">227.6-Fil* CAN an (ppv 23385)</subfield>
    <subfield code="p">9788831535144</subfield>
    <subfield code="r">2025-03-18 11:47:29</subfield>
    <subfield code="w">2025-03-18</subfield>
    <subfield code="y">BK</subfield>
  </datafield>
</record>
